[Event "USA-chT Amateur East"]
[Site "Parsippany"]
[Date "1999.02.13"]
[Round "1"]
[White "Eade, Jim"]
[Black "Frias Pablaza, Victor J"]
[Result "1-0"]
[WhiteElo "2320"]
[BlackElo "2485"]
[PlyCount "53"]
[EventDate "1999.02.??"]
[EventType "team"]
[EventRounds "6"]
[EventCountry "USA"]
[SourceTitle "EXT 2000"]
[Source "ChessBase"]
[SourceDate "1999.11.16"]
[SourceVersion "1"]
[SourceVersionDate "1999.11.16"]
[SourceQuality "1"]

1. d4 Nf6 2. Nf3 c5 3. e3 b6 4. Bd3 Bb7 5. Nbd2 e6 6. 0-0 Be7 7. b3 0-0 8. Bb2 cxd4 9. exd4 d6 10. Re1 a6 11. c4 Nbd7 12. h3 Re8 13. Re3 Bf8 14. Ne4 Nxe4 15. Bxe4 Bxe4 16. Rxe4 d5 17. cxd5 Nf6 18. Re2 Nxd5 19. Rc1 Bd6 20. Ne5 Bxe5 21. dxe5 Qg5 22. Re4 Rac8 23. Rec4 Rxc4 24. Rxc4 b5 25. Qc1 Qf5 26. Rc8 Rf8 27. Qc5 1-0

[Event "Carlos Torre Memorial op 11th"]
[Site "Merida"]
[Date "1998.12.20"]
[Round "7"]
[White "Frias Pablaza, Victor J"]
[Black "Calderin Gonzalez, Roberto"]
[Result "1-0"]
[WhiteElo "2470"]
[BlackElo "2425"]
[PlyCount "69"]
[EventDate "1998.12.??"]
[EventType "swiss"]
[EventRounds "9"]
[EventCountry "MEX"]
[SourceTitle "EXT 2000"]
[Source "ChessBase"]
[SourceDate "1999.11.16"]
[SourceVersion "1"]
[SourceVersionDate "1999.11.16"]
[SourceQuality "1"]

1. d4 d5 2. c4 e6 3. Nf3 c5 4. cxd5 exd5 5. g3 c4 6. Bg2 Bb4+ 7. Nc3 Nc6 8. 0-0 Nge7 9. Ne1 0-0 10. Nc2 Ba5 11. Bg5 f6 12. Bd2 Bb6 13. e3 Bf5 14. b3 cxb3 15. axb3 Qd7 16. Na4 Bh3 17. Nxb6 axb6 18. Bxh3 Qxh3 19. Bb4 Rxa1 20. Qxa1 Nf5 21. Bxf8 Kxf8 22. Qd1 Na5 23. Qd3 Nd6 24. Qc3 Qc8 25. Qd2 h5 26. e4 Qe6 27. e5 fxe5 28. dxe5 Qxe5 29. Re1 Qf6 30. Nd4 Nc6 31. Ne6+ Kg8 32. Qxd5 Nf7 33. Nf4 Nce5 34. Nxh5 Qf5 35. f4 1-0

[Event "Linares Anibal op 05th"]
[Site "Linares"]
[Date "1998.01.22"]
[Round "3"]
[White "Frias Pablaza, Victor J"]
[Black "Shevelev, Danny"]
[Result "1-0"]
[WhiteElo "2515"]
[BlackElo "2240"]
[PlyCount "57"]
[EventDate "1998.01.20"]
[EventType "swiss"]
[EventRounds "10"]
[EventCountry "ESP"]
[SourceTitle "CBM 062 Extra"]
[Source "ChessBase"]
[SourceDate "1998.03.09"]
[SourceVersion "1"]
[SourceVersionDate "1998.03.09"]
[SourceQuality "1"]

1. d4 Nf6 2. Nf3 g6 3. c4 Bg7 4. g3 0-0 5. Bg2 c6 6. Nc3 d5 7. cxd5 cxd5 8. Ne5 Ng4 9. Nxg4 Bxg4 10. Nxd5 Nc6 11. Ne3 Bd7 12. Nc2 Qa5+ 13. Bd2 Qb5 14. d5 Ne5 15. Bc3 Rac8 16. 0-0 Bg4 17. Nd4 Qc5 18. Qb3 Nc4 19. e3 Qc7 20. h3 Bxd4 21. Bxd4 Nd2 22. Qd3 Nf3+ 23. Kh1 Bh5 24. Bc3 f5 25. Qd1 Ng5 26. Qd4 e5 27. dxe6 Nxe6 28. Qh8+ Kf7 29. Qf6+ 1-0

[Event "San Francisco Mechanics"]
[Site "San Francisco"]
[Date "1997.??.??"]
[Round "1"]
[White "Frias Pablaza, Victor J"]
[Black "Donaldson, John W"]
[Result "1/2-1/2"]
[WhiteElo "2515"]
[BlackElo "2430"]
[PlyCount "70"]
[EventDate "1997.??.??"]
[EventType "tourn"]
[EventRounds "9"]
[EventCountry "USA"]
[SourceTitle "EXT 1999"]
[Source "ChessBase"]
[SourceDate "1998.11.16"]
[SourceVersion "1"]
[SourceVersionDate "1998.11.16"]
[SourceQuality "1"]

1. Nf3 c5 2. g3 g6 3. Bg2 Bg7 4. 0-0 Nf6 5. d3 0-0 6. Nc3 Nc6 7. a3 b6 8. Rb1 Bb7 9. b4 d6 10. bxc5 dxc5 11. Na4 Nd4 12. Nxd4 Bxg2 13. Ne6 Qe8 14. Kxg2 Qc6+ 15. Kg1 Qxe6 16. Bb2 h5 17. e4 Rad8 18. Qe2 h4 19. Rfe1 hxg3 20. hxg3 Qh3 21. Qf1 Qd7 22. Nc3 Ne8 23. Nd5 Nc7 24. c4 Ne6 25. f4 Nd4 26. e5 Nc6 27. Rbd1 f5 28. exf6 exf6 29. Qe2 Rde8 30. Qf2 f5 31. Kg2 Bxb2 32. Qxb2 Nd4 33. Qf2 Kg7 34. Rxe8 Rxe8 35. Re1 Rxe1 1/2-1/2

[Event "San Francisco Mechanics"]
[Site "San Francisco"]
[Date "1997.??.??"]
[Round "5"]
[White "Frias Pablaza, Victor J"]
[Black "Wojtkiewicz, Aleksander"]
[Result "1-0"]
[WhiteElo "2515"]
[BlackElo "2575"]
[PlyCount "103"]
[EventDate "1997.??.??"]
[EventType "tourn"]
[EventRounds "9"]
[EventCountry "USA"]
[SourceTitle "EXT 1999"]
[Source "ChessBase"]
[SourceDate "1998.11.16"]
[SourceVersion "1"]
[SourceVersionDate "1998.11.16"]
[SourceQuality "1"]

1. d4 Nf6 2. c4 e6 3. Nc3 Bb4 4. Qc2 0-0 5. a3 Bxc3+ 6. Qxc3 b6 7. Nf3 Bb7 8. g3 d6 9. Bg2 Nbd7 10. 0-0 c5 11. Rd1 Rc8 12. Bg5 h6 13. Bxf6 Nxf6 14. dxc5 Rxc5 15. b4 Rc7 16. Qd4 Qe7 17. Qxd6 Qxd6 18. Rxd6 Bxf3 19. Bxf3 Rxc4 20. Bb7 Rb8 21. Ba6 Rc3 22. Kf1 Kf8 23. Ke1 Nd5 24. Rd7 Rc7 25. Rxc7 Nxc7 26. Bd3 Ke7 27. Rc1 Kd7 28. f4 f6 29. Kf2 Rc8 30. Kf3 Nd5 31. Rxc8 Kxc8 32. Bc4 Nc7 33. Kg4 Kd7 34. Kh5 Ke7 35. Kg6 Kf8 36. e4 a6 37. h4 a5 38. bxa5 bxa5 39. a4 Ne8 40. Bxe6 Nd6 41. Bd5 Nc8 42. Kf5 Nb6 43. Bb3 Nd7 44. Bc4 Nc5 45. Bb5 Kf7 46. h5 Ke7 47. e5 fxe5 48. Kxe5 Ne6 49. Kd5 Nf8 50. Kc5 Ne6+ 51. Kb6 Nd4 52. Kxa5 1-0

[Event "San Francisco Mechanics"]
[Site "San Francisco"]
[Date "1997.??.??"]
[Round "6"]
[White "Lobo, Richard"]
[Black "Frias Pablaza, Victor J"]
[Result "0-1"]
[WhiteElo "2340"]
[BlackElo "2515"]
[PlyCount "84"]
[EventDate "1997.??.??"]
[EventType "tourn"]
[EventRounds "9"]
[EventCountry "USA"]
[SourceTitle "EXT 1999"]
[Source "ChessBase"]
[SourceDate "1998.11.16"]
[SourceVersion "1"]
[SourceVersionDate "1998.11.16"]
[SourceQuality "1"]

1. d4 Nf6 2. c4 e6 3. Nf3 c5 4. e3 b6 5. Nc3 d6 6. Be2 Nbd7 7. 0-0 Bb7 8. d5 exd5 9. cxd5 a6 10. a4 g6 11. e4 Qe7 12. Re1 Bg7 13. h3 0-0 14. Bf1 Ne5 15. Nh2 c4 16. f4 Nd3 17. Bxd3 cxd3 18. Nf3 Nd7 19. Qxd3 Nc5 20. Qc2 Rac8 21. Bd2 Rfe8 22. e5 dxe5 23. fxe5 Nd7 24. e6 fxe6 25. Rxe6 Qc5+ 26. Be3 Qc4 27. Nd2 Qb4 28. Re1 Nf8 29. Rxb6 Qxb6 30. Bxb6 Rxe1+ 31. Kf2 Re5 32. Qd3 Rf5+ 33. Nf3 Bxc3 34. bxc3 Bxd5 35. Bd4 a5 36. Qa6 Re8 37. c4 Ne6 38. Ba1 Bxf3 39. gxf3 Ng5 40. Qb7 Rxf3+ 41. Kg1 Re1+ 42. Kg2 Re2+ 0-1

[Event "Bermuda-A"]
[Site "Bermuda"]
[Date "1995.??.??"]
[Round "1"]
[White "Frias Pablaza, Victor J"]
[Black "De Firmian, Nick E"]
[Result "1/2-1/2"]
[WhiteElo "2495"]
[BlackElo "2590"]
[PlyCount "24"]
[EventDate "1995.01.??"]
[EventType "tourn"]
[EventRounds "9"]
[EventCountry "BER"]
[EventCategory "10"]
[SourceTitle "CBM 046"]
[Source "ChessBase"]
[SourceDate "1995.06.01"]
[SourceVersion "1"]
[SourceVersionDate "1995.06.01"]
[SourceQuality "1"]

1. c4 c5 2. g3 Nc6 3. Bg2 g6 4. Nc3 Bg7 5. e3 e6 6. Nge2 Nge7 7. 0-0 0-0 8. d4 cxd4 9. Nxd4 d5 10. cxd5 Nxd5 11. Nxd5 Nxd4 12. exd4 exd5 1/2-1/2

[Event "Bermuda-A"]
[Site "Bermuda"]
[Date "1995.??.??"]
[Round "7"]
[White "Frias Pablaza, Victor J"]
[Black "Ivanov, Alexander"]
[Result "1-0"]
[WhiteElo "2495"]
[BlackElo "2515"]
[PlyCount "108"]
[EventDate "1995.01.??"]
[EventType "tourn"]
[EventRounds "9"]
[EventCountry "BER"]
[EventCategory "10"]
[SourceTitle "CBM 046"]
[Source "ChessBase"]
[SourceDate "1995.06.01"]
[SourceVersion "1"]
[SourceVersionDate "1995.06.01"]
[SourceQuality "1"]

1. d4 Nf6 2. Bg5 g6 3. Bxf6 exf6 4. e3 f5 5. Bd3 d6 6. Nd2 Nd7 7. Qf3 Nf6 8. Ne2 c6 9. Nf4 d5 10. h4 Ne4 11. Qe2 Bd6 12. g3 0-0 13. c4 Qa5 14. Bxe4 fxe4 15. cxd5 cxd5 16. 0-0 Bxf4 17. exf4 Qb6 18. Nb3 a5 19. Rfc1 a4 20. Nc5 Qb4 21. b3 a3 22. Qe3 Bg4 23. Kh2 Rfc8 24. Rc3 Rc6 25. Rac1 Rac8 26. Na4 Qb5 27. Rc5 Qd3 28. b4 Rd8 29. Rxc6 bxc6 30. Nc5 Qxe3 31. fxe3 Rb8 32. Rb1 h5 33. Kg1 Be2 34. Nd7 Rb7 35. Ne5 Bb5 36. g4 hxg4 37. Rc1 Rc7 38. Rc5 Kg7 39. Kf2 Ba4 40. Ra5 Bd1 41. Ra6 Rb7 42. Nxc6 Bc2 43. Kg3 Rc7 44. b5 Rb7 45. Ra7 Rxb5 46. Ne5 Rb1 47. Rxf7+ Kg8 48. h5 gxh5 49. f5 h4+ 50. Kxh4 Rh1+ 51. Kxg4 Rh7 52. Rxh7 Kxh7 53. f6 Bb1 54. Kf5 Bxa2 1-0

[Event "Bermuda-A"]
[Site "Bermuda"]
[Date "1995.??.??"]
[Round "5"]
[White "Frias Pablaza, Victor J"]
[Black "Waitzkin, Joshua"]
[Result "1-0"]
[WhiteElo "2495"]
[BlackElo "2435"]
[PlyCount "84"]
[EventDate "1995.01.??"]
[EventType "tourn"]
[EventRounds "9"]
[EventCountry "BER"]
[EventCategory "10"]
[SourceTitle "CBM 046"]
[Source "ChessBase"]
[SourceDate "1995.06.01"]
[SourceVersion "1"]
[SourceVersionDate "1995.06.01"]
[SourceQuality "1"]

1. d4 d5 2. Nf3 Nf6 3. c4 dxc4 4. e3 e6 5. Bxc4 c5 6. Qe2 a6 7. 0-0 b5 8. Bd3 Bb7 9. a4 bxa4 10. Rxa4 cxd4 11. Rd1 Be7 12. Rxd4 Qa5 13. Nbd2 Nc6 14. Rh4 Rd8 15. Nc4 Qc7 16. Bd2 0-0 17. Rc1 Qd7 18. Bc2 h6 19. Ba4 Nd4 20. Nxd4 Qxa4 21. Na5 Ne4 22. Nxb7 Bxh4 23. Nxd8 Bxf2+ 24. Kh1 Rxd8 25. Be1 Bxe1 26. Qxe1 Rb8 27. b3 Qd7 28. Qf1 Rc8 29. Ra1 e5 30. Nf5 Rc2 31. Qf3 Ng5 32. Qg4 Qc7 33. h4 Ne6 34. Rxa6 Rc1+ 35. Kh2 e4+ 36. Qg3 Qxg3+ 37. Nxg3 Rc3 38. Nxe4 Rxe3 39. Ra8+ Kh7 40. Nd6 Rxb3 41. Nxf7 Rc3 42. h5 Nf4 1-0

[Event "New York op"]
[Site "Newark"]
[Date "1995.??.??"]
[Round "?"]
[White "Friedman, Josef"]
[Black "Frias Pablaza, Victor J"]
[Result "0-1"]
[WhiteElo "2290"]
[BlackElo "2495"]
[PlyCount "70"]
[EventDate "1995.04.12"]
[EventType "swiss"]
[EventRounds "9"]
[EventCountry "USA"]
[SourceTitle "EXT 2002"]
[Source "ChessBase"]
[SourceDate "2001.11.25"]
[SourceVersion "1"]
[SourceVersionDate "2001.11.25"]
[SourceQuality "1"]

1. d4 Nf6 2. c4 c5 3. d5 g6 4. Nc3 d6 5. e4 Bg7 6. f4 0-0 7. Nf3 e6 8. dxe6 Bxe6 9. Bd3 Bg4 10. h3 Bxf3 11. Qxf3 Nc6 12. 0-0 Nd4 13. Qf2 a6 14. Be3 b5 15. cxb5 axb5 16. Bxd4 Nxe4 17. Qc2 Bxd4+ 18. Kh2 Nf6 19. Rf3 c4 20. Bf1 Qb6 21. Rd1 d5 22. a3 Rab8 23. g4 Rfd8 24. Bg2 Be3 25. g5 Nh5 26. Nxd5 Rxd5 27. Rxd5 Bxf4+ 28. Kh1 Ng3+ 29. Rxg3 Bxg3 30. Qe2 Rd8 31. Bf3 Qb8 32. Kg2 Re8 33. Qd2 Be1 34. Qd1 Qg3+ 35. Kh1 Bf2 0-1

[Event "Bermuda-A"]
[Site "Bermuda"]
[Date "1995.??.??"]
[Round "4"]
[White "Vescovi, Giovanni P"]
[Black "Frias Pablaza, Victor J"]
[Result "0-1"]
[WhiteElo "2465"]
[BlackElo "2495"]
[PlyCount "96"]
[EventDate "1995.01.??"]
[EventType "tourn"]
[EventRounds "9"]
[EventCountry "BER"]
[EventCategory "10"]
[SourceTitle "CBM 046"]
[Source "ChessBase"]
[SourceDate "1995.06.01"]
[SourceVersion "1"]
[SourceVersionDate "1995.06.01"]
[SourceQuality "1"]

1. d4 Nf6 2. Nf3 e6 3. Bg5 h6 4. Bh4 c5 5. e3 cxd4 6. exd4 Be7 7. c3 d6 8. Bd3 Nbd7 9. Nbd2 b6 10. Qe2 Bb7 11. 0-0 0-0 12. Rfe1 Re8 13. Rac1 Rc8 14. Bb1 Rc7 15. c4 Qa8 16. Rc3 Bf8 17. Bg3 Rcc8 18. Re3 d5 19. Ne5 Bb4 20. Bh4 dxc4 21. Rg3 Bf8 22. Nxd7 Nxd7 23. Qh5 f5 24. Rge3 Bb4 25. Rxe6 Be4 26. Bxe4 fxe4 27. R1xe4 Rxe6 28. Rxe6 Bxd2 29. Re7 Kh8 30. Qg4 Rg8 31. Qxd7 Qf8 32. Qg4 a5 33. d5 Bb4 34. Re2 Qc5 35. Qe6 c3 36. bxc3 Qxc3 37. h3 Qd3 38. Kh2 Bd6+ 39. g3 Bc5 40. Qe4 Qxe4 41. Rxe4 Bxf2 42. d6 g5 43. d7 gxh4 44. Kg2 Bxg3 45. Kf3 Bc7 46. Ke3 Kg7 47. Kd4 Kf7 48. Kd5 Rg6 0-1

[Event "New York Marshall/Enhance"]
[Site "New York"]
[Date "1994.??.??"]
[Round "3"]
[White "Frias Pablaza, Victor J"]
[Black "Klovsky, Rafail"]
[Result "1-0"]
[WhiteElo "2480"]
[BlackElo "2370"]
[PlyCount "83"]
[EventDate "1994.??.??"]
[EventType "tourn"]
[EventRounds "5"]
[EventCountry "USA"]
[SourceTitle "EXT 1997"]
[Source "ChessBase"]
[SourceDate "1996.11.15"]
[SourceVersion "1"]
[SourceVersionDate "1996.11.15"]
[SourceQuality "1"]

1. d4 Nf6 2. Nf3 c5 3. d5 d6 4. Nc3 g6 5. e4 Bg7 6. Bb5+ Nbd7 7. a4 0-0 8. 0-0 Ne5 9. Nxe5 dxe5 10. Be3 Qd6 11. Be2 Bd7 12. Qd3 Rac8 13. Rfd1 Ne8 14. Nb5 Qb8 15. c4 Nd6 16. b4 b6 17. bxc5 bxc5 18. Rdb1 Qa8 19. f3 Rfe8 20. Qa3 a6 21. Nc3 Qa7 22. a5 Rc7 23. Rb6 Rec8 24. Rab1 h5 25. Bd3 Kh7 26. Qb2 Ra8 27. Bg5 f6 28. Be3 Rcc8 29. Qe2 Bh6 30. Bf2 Qc7 31. Bc2 Ra7 32. Ba4 Qd8 33. Qa2 Qe8 34. Bxd7 Qxd7 35. Na4 Nb7 36. Nc3 Nd6 37. h3 Kg7 38. Na4 Nb7 39. Nb2 Bd2 40. Nd3 Bh6 41. Re6 Raa8 42. Qa3 1-0

[Event "New York Marshall/Enhance"]
[Site "New York"]
[Date "1994.??.??"]
[Round "5"]
[White "Frias Pablaza, Victor J"]
[Black "London, Dimitri"]
[Result "1/2-1/2"]
[WhiteElo "2480"]
[BlackElo "2400"]
[PlyCount "73"]
[EventDate "1994.??.??"]
[EventType "tourn"]
[EventRounds "5"]
[EventCountry "USA"]
[SourceTitle "EXT 1997"]
[Source "ChessBase"]
[SourceDate "1996.11.15"]
[SourceVersion "1"]
[SourceVersionDate "1996.11.15"]
[SourceQuality "1"]

1. d4 Nf6 2. Nf3 g6 3. g3 Bg7 4. Bg2 0-0 5. 0-0 d5 6. c4 dxc4 7. Qc2 Nc6 8. Qxc4 Be6 9. Qa4 Nd5 10. e3 Qd7 11. Ng5 Nb6 12. Qd1 Bc4 13. Re1 e5 14. Na3 exd4 15. Nxc4 Nxc4 16. exd4 Nxd4 17. Ne4 Rad8 18. b3 Ne5 19. Bg5 Qf5 20. Bxd8 Nef3+ 21. Bxf3 Nxf3+ 22. Qxf3 Qxf3 23. Rad1 c5 24. Be7 Bd4 25. Bxf8 Kxf8 26. Rd2 h5 27. Nd6 Qd5 28. Nc4 h4 29. gxh4 Qf5 30. Re8+ Kg7 31. Re7 Qg4+ 32. Kf1 Qxh4 33. Rxb7 Qh3+ 34. Kg1 Qg4+ 35. Kf1 Qh3+ 36. Kg1 Qg4+ 37. Kf1 1/2-1/2

[Event "Lloyds Bank op 18th"]
[Site "London"]
[Date "1994.??.??"]
[Round "10"]
[White "Frias Pablaza, Victor J"]
[Black "McMichael, Richard"]
[Result "1-0"]
[WhiteElo "2480"]
[BlackElo "2305"]
[PlyCount "59"]
[EventDate "1994.08.??"]
[EventType "swiss"]
[EventRounds "10"]
[EventCountry "ENG"]
[SourceTitle "EXT 2000"]
[Source "ChessBase"]
[SourceDate "1999.11.16"]
[SourceVersion "1"]
[SourceVersionDate "1999.11.16"]
[SourceQuality "1"]

1. d4 Nf6 2. Nf3 d6 3. g3 Bg4 4. Bg2 Nbd7 5. h3 Bh5 6. c4 e5 7. Nc3 Be7 8. 0-0 0-0 9. Nh4 Qc8 10. Nf5 Bd8 11. b3 Re8 12. g4 Bg6 13. Ng3 h5 14. e3 hxg4 15. hxg4 Nf8 16. g5 N6h7 17. f4 c6 18. f5 Nxg5 19. fxg6 Nxg6 20. Nf5 Bc7 21. d5 e4 22. Qh5 Qd8 23. Bb2 Bb6 24. Rae1 Ba5 25. Nxg7 Re5 26. Nf5 cxd5 27. Nxd5 Bxe1 28. Qh6 Ne6 29. Nfe7+ Qxe7 30. Nxe7+ 1-0

[Event "New York op"]
[Site "New York"]
[Date "1994.??.??"]
[Round "9"]
[White "Frias Pablaza, Victor J"]
[Black "Wojtkiewicz, Aleksander"]
[Result "1-0"]
[WhiteElo "2455"]
[BlackElo "2555"]
[PlyCount "93"]
[EventDate "1994.03.30"]
[EventType "swiss"]
[EventRounds "9"]
[EventCountry "USA"]
[SourceTitle "CBM 040 Extra"]
[Source "ChessBase"]
[SourceDate "1994.07.01"]
[SourceVersion "1"]
[SourceVersionDate "1994.07.01"]
[SourceQuality "1"]

1. d4 d6 2. Nf3 Bg4 3. g3 Bxf3 4. exf3 e6 5. Bg2 d5 6. f4 c6 7. 0-0 Ne7 8. c3 Nd7 9. Re1 g6 10. Nd2 Bg7 11. Nf3 0-0 12. Ne5 Nf5 13. Qb3 Qc7 14. Bf1 Rfd8 15. Bd3 c5 16. Bxf5 c4 17. Qd1 exf5 18. Nxd7 Qxd7 19. b3 Rac8 20. Ba3 cxb3 21. axb3 Rxc3 22. Bb4 Rcc8 23. Rxa7 Qb5 24. Bc5 Re8 25. b4 Bf8 26. Re5 Qc6 27. Qb3 Rxe5 28. fxe5 f4 29. Qd3 fxg3 30. hxg3 h6 31. Qf3 h5 32. Qf6 Bxc5 33. dxc5 Rb8 34. Qd6 Re8 35. Qxc6 bxc6 36. Ra6 Rc8 37. f4 Kf8 38. Kf2 Ke7 39. Ke3 Rb8 40. Rb6 Rxb6 41. cxb6 Kd7 42. Kd4 Kc8 43. Kc5 Kb7 44. b5 cxb5 45. Kxb5 d4 46. Kc4 Kxb6 47. e6 1-0

[Event "New York Marshall/Enhance"]
[Site "New York"]
[Date "1994.??.??"]
[Round "5"]
[White "Mednis, Edmar John"]
[Black "Frias Pablaza, Victor J"]
[Result "1/2-1/2"]
[WhiteElo "2420"]
[BlackElo "2480"]
[PlyCount "81"]
[EventDate "1994.??.??"]
[EventType "tourn"]
[EventRounds "5"]
[EventCountry "USA"]
[SourceTitle "EXT 1997"]
[Source "ChessBase"]
[SourceDate "1996.11.15"]
[SourceVersion "1"]
[SourceVersionDate "1996.11.15"]
[SourceQuality "1"]

1. c4 c5 2. Nf3 Nf6 3. g3 d6 4. Bg2 Nc6 5. 0-0 Bd7 6. Nc3 g6 7. d4 cxd4 8. Nxd4 Rc8 9. Nc2 Bg7 10. b3 0-0 11. Bd2 Qc7 12. Ne3 Qb8 13. Rb1 e6 14. Bc1 Rfd8 15. Ba3 Be8 16. Qd2 d5 17. cxd5 b5 18. Bb2 Ne7 19. Ne4 Nexd5 20. Nxf6+ Nxf6 21. Qb4 Bc6 22. Bxc6 Rxc6 23. Rfd1 Rcc8 24. Qh4 Ne8 25. Bxg7 Kxg7 26. Qe7 Nf6 27. Rxd8 Rxd8 28. Rc1 Rd7 29. Qb4 a6 30. Rc6 Qe5 31. Rxa6 Rd4 32. Qe1 Ne4 33. Rc6 Rd2 34. Rc2 Rxc2 35. Nxc2 Nc3 36. Ne3 Nxa2 37. Qd2 Nc3 38. h4 h5 39. Qd3 b4 40. Kf1 Qc5 41. Qd7 1/2-1/2

[Event "New York Marshall CC"]
[Site "New York"]
[Date "1993.??.??"]
[Round "11"]
[White "Frias Pablaza, Victor J"]
[Black "Lesiege, Alexandre"]
[Result "1/2-1/2"]
[WhiteElo "2460"]
[BlackElo "2505"]
[PlyCount "21"]
[EventDate "1993.??.??"]
[EventType "tourn"]
[EventRounds "11"]
[EventCountry "USA"]
[EventCategory "4"]
[SourceTitle "CBM 035 Extra"]
[Source "ChessBase"]
[SourceDate "1993.09.01"]
[SourceVersion "1"]
[SourceVersionDate "1993.09.01"]
[SourceQuality "1"]

1. d4 d5 2. c4 e6 3. Nc3 c6 4. cxd5 exd5 5. Nf3 Bf5 6. Bg5 Be7 7. Bxe7 Qxe7 8. e3 Nf6 9. Be2 0-0 10. 0-0 Nbd7 11. Nh4 1/2-1/2